West Bromwich Albion Squad 2024-2025 - Statistics

General Stats
  • This quiz has been taken 51 times
    42 since last reset
  • The average score is 23 of 34
Answer Stats
#
Position
Nation Player % Correct
12 FW United States Daryl Dike
89%
1 GK England Alex Palmer
86%
4 MF Hungary Callum Styles
86%
11 FW DR Congo Grady Diangana
86%
7 FW England Jed Wallace
86%
5 DF England Kyle Bartley
86%
- Coach Spain Carlos Corberán
82%
8 MF Ireland Jayson Molumby
82%
9 FW Nigeria Josh Maja
82%
22 FW Ireland Mikey Johnston
82%
6 DF Nigeria Semi Ajayi
82%
14 DF Norway Torbjørn Heggem
82%
2 DF England Darnell Furlong
79%
10 MF England John Swift
79%
20 GK England Josh Griffiths
75%
17 MF Mali Ousmane Diakité
75%
31 MF England Tom Fellows
75%
27 MF England Alex Mowatt
71%
24 DF Italy Gianluca Frabotta
68%
21 MF Northern Ireland Isaac Price
68%
- Coach Northern Ireland Chris Brunt
64%
23 GK England Joe Wildsmith
64%
3 DF Jamaica Mason Holgate
64%
- Coach Scotland James Morrison
61%
18 FW England Karlan Grant
61%
26 FW Denmark Tammer Bany
61%
20 MF Serbia Uroš Račić
54%
- Coach England Tony Mowbray
46%
19 FW England Will Lankshear
46%
32 FW England Adam Armstrong
43%
30 GK England Ted Cann
43%
44 FW Jamaica Devante Cole
39%
21 DF Northern Ireland Paddy McNair
36%
19 FW England Lewis Dobbin
21%
No matching quizzes found
Score Distribution
Percent of People with Each Score
Percentile by Number Answered
Your Score History
You have not taken this quiz since the last reset